[Event "Matinhos op 6th"]
[Site "Matinhos"]
[Date "2022.09.23"]
[Round "7.8"]
[White "Ermel, Francisco Roberto"]
[Black "Nunes, Sidney Jr"]
[Result "1-0"]
[WhiteElo "2069"]
[BlackElo "2070"]
[PlyCount "69"]
[EventDate "2022.09.18"]
[EventType "swiss"]
[EventRounds "7"]
[EventCountry "BRA"]
[SourceTitle "CBM 210 Extra"]
[Source "ChessBase"]
[SourceDate "2022.11.30"]
[SourceVersion "1"]
[SourceVersionDate "2022.11.30"]
[SourceQuality "1"]

1. c4 c5 2. Nc3 Nc6 3. Nf3 g6 4. d4 cxd4 5. Nxd4 Bg7 6. e3 Nf6 7. Be2 0-0 8. 0-0 Nxd4 9. exd4 d5 10. Bf4 dxc4 11. Bxc4 Bf5 12. Re1 a6 13. a4 Rc8 14. Bb3 Kh8 15. a5 Nh5 16. Be3 Nf6 17. h3 Ne4 18. Nd5 Be6 19. Nb6 Bxb3 20. Qxb3 Rc6 21. d5 Rc7 22. Bf4 Nd6 23. Qb4 Rc2 24. Rab1 Bf6 25. Rec1 Qc7 26. Qa4 Rxc1+ 27. Rxc1 Qb8 28. Nd7 Qe8 29. b3 Kg7 30. Nxf8 Qxf8 31. Qd7 Qb8 32. Bxd6 exd6 33. Rc7 Qf8 34. b4 g5 35. Rc8 1-0

[Event "Matinhos op 6th"]
[Site "Matinhos"]
[Date "2022.09.21"]
[Round "5.11"]
[White "Ermel, Francisco Roberto"]
[Black "Boabaid, Jorge Alberto Duard"]
[Result "1-0"]
[WhiteElo "2069"]
[BlackElo "1780"]
[PlyCount "103"]
[EventDate "2022.09.18"]
[EventType "swiss"]
[EventRounds "7"]
[EventCountry "BRA"]
[SourceTitle "CBM 210 Extra"]
[Source "ChessBase"]
[SourceDate "2022.11.30"]
[SourceVersion "1"]
[SourceVersionDate "2022.11.30"]
[SourceQuality "1"]

1. e4 e5 2. Nf3 Nc6 3. Bb5 a6 4. Bxc6 dxc6 5. d4 exd4 6. Qxd4 Qxd4 7. Nxd4 c5 8. Nb3 Nf6 9. Nc3 Be6 10. f3 b6 11. Be3 Be7 12. 0-0-0 0-0 13. Bf4 Rfc8 14. g4 c6 15. Bd6 Bxd6 16. Rxd6 Ne8 17. Rd2 a5 18. Na4 Rab8 19. Rhd1 Kf8 20. h3 Ke7 21. f4 f6 22. f5 Bxb3 23. Rd7+ Kf8 24. axb3 Nc7 25. c4 h6 26. h4 Ne8 27. R1d2 Nc7 28. Kd1 Na6 29. Ra7 Nb4 30. Rdd7 Rd8 31. Nxb6 Ke8 32. Rxd8+ Rxd8+ 33. Ke2 Rd4 34. Rxg7 Rxe4+ 35. Kf3 Re1 36. Nd7 Nd3 37. Nxf6+ Kf8 38. Rb7 Ne5+ 39. Kf2 Nd3+ 40. Kg2 Re2+ 41. Kf3 Re1 42. Nh7+ Kg8 43. g5 Ne5+ 44. Kf4 Nd3+ 45. Kg3 Re3+ 46. Kg2 Nf4+ 47. Kf2 Rh3 48. Nf6+ Kf8 49. g6 Nd3+ 50. Ke2 Nf4+ 51. Kd2 Rh2+ 52. Ke3 1-0

[Event "Parana-ch"]
[Site "Maringa"]
[Date "2019.12.15"]
[Round "7"]
[White "Ermel, Francisco Roberto"]
[Black "Cruz, William Ferreira Da"]
[Result "1/2-1/2"]
[WhiteElo "2083"]
[BlackElo "2232"]
[PlyCount "114"]
[EventDate "2019.12.12"]
[EventType "swiss"]
[EventRounds "7"]
[EventCountry "BRA"]
[SourceTitle "CBM 193 Extra"]
[Source "ChessBase"]
[SourceDate "2020.01.31"]
[SourceVersion "1"]
[SourceVersionDate "2020.01.31"]
[SourceQuality "1"]

1. e4 e6 2. d3 d5 3. Nd2 Nf6 4. Ngf3 Bc5 5. e5 Nfd7 6. d4 Be7 7. c3 c5 8. Bd3 Nc6 9. 0-0 a5 10. Qe2 cxd4 11. cxd4 g5 12. h3 h5 13. Rd1 g4 14. hxg4 hxg4 15. Ne1 Rg8 16. Nc2 Qb6 17. Nf1 Nb4 18. Nxb4 axb4 19. Be3 f5 20. exf6 Nxf6 21. Ng3 Bd7 22. Bf4 b3 23. a3 Rc8 24. Be5 Rc6 25. Qe3 Kd8 26. Rac1 Ne8 27. Rxc6 bxc6 28. Bh7 Bg5 29. f4 gxf3 30. Qxf3 Rg7 31. Bxg7 Nxg7 32. Qf8+ Ne8 33. Kh2 Bf6 34. Ne2 e5 35. Bg6 exd4 36. Bxe8 Be5+ 37. Nf4 Bxe8 38. Re1 Qc7 39. g3 Qd6 40. Qxd6+ Bxd6 41. Ne6+ Kd7 42. Nxd4 c5 43. Nxb3 Bg6 44. Kh3 Kc6 45. g4 Bc2 46. Nd2 Kb5 47. g5 Bf4 48. Nf3 Bf5+ 49. Kh4 Kc4 50. Kh5 Kb3 51. g6 d4 52. Ne5 c4 53. g7 Bh7 54. Ng4 d3 55. Nf6 d2 56. Rd1 Be5 57. Nxh7 Bxg7 1/2-1/2

[Event "Niteroi op 1st"]
[Site "Niteroi"]
[Date "2019.09.06"]
[Round "4"]
[White "Baeta, Marcio Netto"]
[Black "Ermel, Francisco Roberto"]
[Result "0-1"]
[WhiteElo "1898"]
[BlackElo "2086"]
[PlyCount "130"]
[EventDate "2019.09.04"]
[EventType "swiss"]
[EventRounds "7"]
[EventCountry "BRA"]
[SourceTitle "EXT 2020"]
[Source "ChessBase"]
[SourceDate "2019.10.17"]
[SourceVersion "1"]
[SourceVersionDate "2019.10.17"]
[SourceQuality "1"]

1. e4 c5 2. d4 cxd4 3. Nf3 a6 4. Nxd4 Nf6 5. Nc3 e5 6. Nb3 Bb4 7. Bd3 d5 8. exd5 e4 9. Be2 Qxd5 10. 0-0 Bxc3 11. bxc3 0-0 12. c4 Qxd1 13. Rxd1 Nc6 14. Bb2 Bf5 15. Nd4 Nxd4 16. Rxd4 Rfd8 17. c3 Rac8 18. Rad1 Rd7 19. g4 Rxd4 20. Rxd4 Nxg4 21. f3 Nf6 22. Ba3 Re8 23. Bd6 h6 24. c5 exf3 25. Bxf3 Be4 26. Kf2 g5 27. Rb4 g4 28. Bg2 Bxg2 29. Kxg2 Re2+ 30. Kg3 Re3+ 31. Kf2 Rxc3 32. Rxb7 Ne4+ 33. Kg2 Rc2+ 34. Kg1 Rxa2 35. Rb4 Nxd6 36. cxd6 Rd2 37. Rxg4+ Kf8 38. Rc4 Rxd6 39. Rc7 Kg7 40. Ra7 Kg6 41. Kf2 Rf6+ 42. Kg3 Kg5 43. Re7 Kg6 44. Ra7 Rb6 45. Kf4 Rb4+ 46. Kg3 Ra4 47. Ra8 a5 48. Rg8+ Kf6 49. Rh8 Kg7 50. Ra8 Ra3+ 51. Kg2 a4 52. Ra5 Kg6 53. h4 Ra2+ 54. Kg3 a3 55. Kh3 Ra1 56. Kg2 a2 57. Kh2 f5 58. h5+ Kg5 59. Kg2 Kg4 60. Ra3 Kxh5 61. Rh3+ Kg5 62. Ra3 f4 63. Kh2 f3 64. Ra4 f2 65. Ra5+ Kf6 0-1

[Event "Niteroi op 1st"]
[Site "Niteroi"]
[Date "2019.09.04"]
[Round "1"]
[White "Ermel, Francisco Roberto"]
[Black "Peixoto, Fernando Teodoro Ma"]
[Result "1-0"]
[WhiteElo "2086"]
[BlackElo "1585"]
[PlyCount "63"]
[EventDate "2019.09.04"]
[EventType "swiss"]
[EventRounds "7"]
[EventCountry "BRA"]
[SourceTitle "EXT 2020"]
[Source "ChessBase"]
[SourceDate "2019.10.17"]
[SourceVersion "1"]
[SourceVersionDate "2019.10.17"]
[SourceQuality "1"]

1. Nf3 Nf6 2. g3 b6 3. Bg2 Bb7 4. 0-0 d5 5. b3 c5 6. d4 e6 7. Bb2 Nbd7 8. Nbd2 Ne4 9. Nxe4 dxe4 10. Nd2 f5 11. dxc5 bxc5 12. f3 f4 13. Nxe4 Qb6 14. gxf4 Rd8 15. c4 Ne5 16. Qc2 Nd7 17. Rad1 Be7 18. Bxg7 Rg8 19. Bc3 e5 20. fxe5 Qg6 21. Nd6+ Bxd6 22. Qxg6+ Rxg6 23. Rxd6 Rg5 24. Rfd1 Ke7 25. Kf2 Bc8 26. f4 Rgg8 27. e6 Nb6 28. Rxd8 Rxd8 29. Rxd8 Kxd8 30. Bf6+ Ke8 31. Bc6+ Kf8 32. f5 1-0

[Event "Caioba Telecom op 5th"]
[Site "Caioba"]
[Date "2019.08.14"]
[Round "5"]
[White "Ermel, Francisco Roberto"]
[Black "Tsuboi, Edson Kenji"]
[Result "1/2-1/2"]
[WhiteElo "2079"]
[BlackElo "2234"]
[PlyCount "49"]
[EventDate "2019.08.12"]
[EventType "swiss"]
[EventRounds "9"]
[EventCountry "BRA"]
[SourceTitle "EXT 2020"]
[Source "ChessBase"]
[SourceDate "2019.10.17"]
[SourceVersion "1"]
[SourceVersionDate "2019.10.17"]
[SourceQuality "1"]

1. e4 c5 2. Nf3 Nc6 3. d3 g6 4. g3 Bg7 5. Bg2 d6 6. 0-0 e5 7. Nc3 Nge7 8. Nd2 h5 9. Nc4 Be6 10. h4 Qd7 11. Nd5 0-0 12. c3 Bg4 13. f3 Bh3 14. Nce3 Bxg2 15. Kxg2 Rad8 16. Qe2 f5 17. exf5 gxf5 18. Nxe7+ Qxe7 19. f4 exf4 20. Rxf4 Bh6 21. Rf2 Rde8 22. Qxh5 Bxe3 23. Bxe3 Qxe3 24. Re1 Qxe1 25. Qg6+ 1/2-1/2

[Event "American Continental 15th"]
[Site "Sao Paulo"]
[Date "2019.07.13"]
[Round "11"]
[White "Gasic Merino, Franco Ignacio"]
[Black "Ermel, Francisco Roberto"]
[Result "1-0"]
[WhiteElo "2226"]
[BlackElo "2064"]
[PlyCount "87"]
[EventDate "2019.07.05"]
[EventType "swiss"]
[EventRounds "11"]
[EventCountry "BRA"]
[SourceTitle "CBM 191 Extra"]
[Source "ChessBase"]
[SourceDate "2019.09.30"]
[SourceVersion "1"]
[SourceVersionDate "2019.09.30"]
[SourceQuality "1"]

1. d4 Nf6 2. g3 g6 3. Bg2 Bg7 4. e4 d6 5. Ne2 0-0 6. 0-0 e5 7. Nbc3 Re8 8. h3 Nc6 9. Be3 exd4 10. Nxd4 Ne5 11. b3 a6 12. a4 Ned7 13. Nde2 a5 14. Qd2 Ne5 15. f4 Nc6 16. Rad1 Qe7 17. Bf2 Nb4 18. Kh2 h5 19. Bf3 Rb8 20. Rfe1 Nd7 21. Ba7 Ra8 22. Bd4 Bxd4 23. Nxd4 Nc5 24. Bg2 Bd7 25. Re2 Qf6 26. Rf1 Re7 27. h4 Bg4 28. Ref2 Rae8 29. f5 Nd7 30. fxg6 Qxg6 31. Nf5 Re6 32. Nb5 Na6 33. Qxa5 Re5 34. Qd2 Kh7 35. Nfxd6 cxd6 36. Rxf7+ Kg8 37. Nxd6 Rf8 38. Rxf8+ Nxf8 39. Rxf8+ Kxf8 40. Qf4+ Ke7 41. Qxe5+ Kd7 42. Qb5+ Ke6 43. Qd5+ Kf6 44. e5+ 1-0

[Event "American Continental 15th"]
[Site "Sao Paulo"]
[Date "2019.07.07"]
[Round "4"]
[White "Ermel, Francisco Roberto"]
[Black "Abdalla, Luiz Guilherme"]
[Result "1-0"]
[WhiteElo "2064"]
[BlackElo "2245"]
[PlyCount "61"]
[EventDate "2019.07.05"]
[EventType "swiss"]
[EventRounds "11"]
[EventCountry "BRA"]
[SourceTitle "CBM 191 Extra"]
[Source "ChessBase"]
[SourceDate "2019.09.30"]
[SourceVersion "1"]
[SourceVersionDate "2019.09.30"]
[SourceQuality "1"]

1. e4 e6 2. d3 d5 3. Nd2 Nf6 4. Ngf3 c5 5. g3 Nc6 6. Bg2 Be7 7. 0-0 Qc7 8. Re1 b5 9. Qe2 Bb7 10. c3 h6 11. Nf1 Qb6 12. h3 a5 13. g4 c4 14. dxc4 dxc4 15. a4 b4 16. Be3 Bc5 17. Qxc4 Bxe3 18. Rxe3 Ba6 19. Qb3 Nd7 20. N1d2 Nc5 21. Qd1 0-0 22. Bf1 f5 23. exf5 exf5 24. Nc4 Qc7 25. Qd5+ Kh8 26. Qxc5 fxg4 27. Nfe5 Rf6 28. hxg4 Raf8 29. Ng6+ Rxg6 30. Qxf8+ Kh7 31. Bd3 1-0

[Event "American Continental 15th"]
[Site "Sao Paulo"]
[Date "2019.07.05"]
[Round "1"]
[White "Lima, Darcy Gustavo Macha"]
[Black "Ermel, Francisco Roberto"]
[Result "1-0"]
[WhiteElo "2543"]
[BlackElo "2064"]
[PlyCount "43"]
[EventDate "2019.07.05"]
[EventType "swiss"]
[EventRounds "11"]
[EventCountry "BRA"]
[SourceTitle "CBM 191 Extra"]
[Source "ChessBase"]
[SourceDate "2019.09.30"]
[SourceVersion "1"]
[SourceVersionDate "2019.09.30"]
[SourceQuality "1"]

1. d4 Nf6 2. c4 g6 3. Nc3 Bg7 4. e4 d6 5. Be2 0-0 6. Be3 e5 7. d5 a5 8. g4 Na6 9. g5 Ne8 10. h4 f5 11. gxf6 Bxf6 12. Nf3 Bg4 13. Ng5 Bxe2 14. Qxe2 Ng7 15. 0-0-0 Qe7 16. Rdg1 Nc5 17. h5 h6 18. Nh7 Kxh7 19. hxg6+ Kg8 20. Rxh6 Ne8 21. g7 Bxg7 22. Qh5 1-0

[Event "Florianopolis op 5th"]
[Site "Florianopolis"]
[Date "2019.01.24"]
[Round "6"]
[White "Ermel, Francisco Roberto"]
[Black "Jodorcovsky Werjivker, Paulo"]
[Result "0-1"]
[WhiteElo "2054"]
[BlackElo "2259"]
[PlyCount "52"]
[EventDate "2019.01.21"]
[EventType "swiss"]
[EventRounds "10"]
[EventCountry "BRA"]
[SourceTitle "CBM 188 Extra"]
[Source "ChessBase"]
[SourceDate "2019.02.26"]
[SourceVersion "1"]
[SourceVersionDate "2019.02.26"]
[SourceQuality "1"]

1. c4 e6 2. g3 d5 3. Bg2 Nf6 4. cxd5 exd5 5. Nf3 c6 6. 0-0 Be7 7. d4 Bf5 8. Nc3 h6 9. h3 Nbd7 10. Bf4 0-0 11. Rc1 Re8 12. Ne5 Bf8 13. Qd2 a5 14. Nxd7 Nxd7 15. g4 Bg6 16. Rfe1 Nb6 17. b3 Bb4 18. Qb2 Qe7 19. Rcd1 a4 20. e3 axb3 21. axb3 h5 22. Bf3 Be4 23. Be2 hxg4 24. hxg4 Bxc3 25. Qxc3 Ra2 26. Ra1 Qh4 0-1

[Event "Florianopolis op 5th"]
[Site "Florianopolis"]
[Date "2019.01.22"]
[Round "3"]
[White "De Borba, Guilherme"]
[Black "Ermel, Francisco Roberto"]
[Result "1-0"]
[WhiteElo "2293"]
[BlackElo "2054"]
[PlyCount "104"]
[EventDate "2019.01.21"]
[EventType "swiss"]
[EventRounds "10"]
[EventCountry "BRA"]
[SourceTitle "CBM 188 Extra"]
[Source "ChessBase"]
[SourceDate "2019.02.26"]
[SourceVersion "1"]
[SourceVersionDate "2019.02.26"]
[SourceQuality "1"]

1. e4 c5 2. Nf3 a6 3. Nc3 e6 4. d4 cxd4 5. Nxd4 Qc7 6. Bd3 d6 7. 0-0 Nf6 8. Qe2 Nbd7 9. Bd2 Be7 10. Kh1 b5 11. a3 Bb7 12. f4 0-0 13. Rae1 Nc5 14. f5 e5 15. Nf3 Rfe8 16. b4 Ncd7 17. a4 bxa4 18. Nxa4 d5 19. exd5 Nxd5 20. c3 Bd6 21. Ng5 N7f6 22. Ne4 Nxe4 23. Bxe4 Nf6 24. Bxb7 Qxb7 25. Bg5 Rac8 26. Bxf6 gxf6 27. Qg4+ Kh8 28. Qh4 Be7 29. Nc5 Qb6 30. Ne4 Rg8 31. Qf2 Qc6 32. Qe2 Qc4 33. h3 Rgd8 34. Qxc4 Rxc4 35. Re2 a5 36. bxa5 Ra4 37. Rb1 Rxa5 38. Rb7 Re8 39. g4 Kg7 40. Kg2 Rd5 41. g5 Bd8 42. gxf6+ Bxf6 43. Re3 Bh4 44. c4 Rd4 45. c5 Ra8 46. Kf3 Ra1 47. c6 Rc1 48. c7 Rdc4 49. Kg4 Bf6 50. Kh5 Rxc7 51. Nxf6 Kf8 52. Nxh7+ Kg7 1-0

[Event "Florianopolis op 5th"]
[Site "Florianopolis"]
[Date "2019.01.22"]
[Round "2"]
[White "Ermel, Francisco Roberto"]
[Black "Franca, Jairo Jr"]
[Result "1-0"]
[WhiteElo "2054"]
[BlackElo "1816"]
[PlyCount "86"]
[EventDate "2019.01.21"]
[EventType "swiss"]
[EventRounds "10"]
[EventCountry "BRA"]
[SourceTitle "CBM 188 Extra"]
[Source "ChessBase"]
[SourceDate "2019.02.26"]
[SourceVersion "1"]
[SourceVersionDate "2019.02.26"]
[SourceQuality "1"]

1. c4 Nf6 2. Nc3 e5 3. g3 Bb4 4. Bg2 0-0 5. Qb3 Nc6 6. e3 a5 7. Nge2 d6 8. a3 Bc5 9. 0-0 Bd7 10. d3 Qc8 11. Bd2 Bh3 12. Nd5 Nxd5 13. cxd5 Bxg2 14. Kxg2 Ne7 15. Rac1 Qd7 16. Nc3 c6 17. dxc6 bxc6 18. Ne4 Ba7 19. Bxa5 Rfb8 20. Qc3 d5 21. Ng5 f6 22. Nf3 Kh8 23. Bb4 c5 24. Bxc5 Bxc5 25. Qxc5 Rxb2 26. Rb1 Rab8 27. Rxb2 Rxb2 28. Rc1 h6 29. Qc7 Qe6 30. Qd8+ Kh7 31. Qe8 Qd6 32. a4 f5 33. d4 exd4 34. Nxd4 Qe5 35. Kg1 Qe4 36. Qd7 Rb1 37. Rxb1 Qxb1+ 38. Kg2 Qe4+ 39. Kf1 Qd3+ 40. Ke1 Qe4 41. Qd6 Qb1+ 42. Ke2 Qe4 43. a5 Ng6 1-0

[Event "Londrina Ermel Memorial 5th"]
[Site "Londrina"]
[Date "2018.12.15"]
[Round "3"]
[White "Ermel, Francisco Roberto"]
[Black "Garcia Palermo, Carlos H"]
[Result "0-1"]
[WhiteElo "2054"]
[BlackElo "2391"]
[PlyCount "52"]
[EventDate "2018.12.15"]
[EventType "swiss (rapid)"]
[EventRounds "7"]
[EventCountry "BRA"]
[SourceTitle "EXT 2020"]
[Source "ChessBase"]
[SourceDate "2019.10.17"]
[SourceVersion "1"]
[SourceVersionDate "2019.10.17"]
[SourceQuality "1"]

1. e4 e5 2. Nf3 Nc6 3. Bb5 d6 4. d4 exd4 5. Nxd4 Bd7 6. 0-0 Nf6 7. Re1 Be7 8. b3 Nxd4 9. Bxd7+ Nxd7 10. Qxd4 Bf6 11. e5 dxe5 12. Ba3 Be7 13. Qg4 0-0 14. Rd1 Bxa3 15. Rxd7 Bb2 16. Rxd8 Raxd8 17. Na3 Bxa1 18. g3 Bd4 19. Qf3 c6 20. Nc4 f5 21. Qe2 e4 22. Na5 f4 23. Qxe4 fxg3 24. hxg3 Rxf2 25. Kh1 Bb6 26. Qe1 Bxa5 0-1

[Event "Parana-ch"]
[Site "Curitiba"]
[Date "2018.11.24"]
[Round "4"]
[White "Ermel, Francisco Roberto"]
[Black "Gonzalez, Bolivar Ribeiro"]
[Result "1/2-1/2"]
[WhiteElo "2016"]
[BlackElo "2196"]
[PlyCount "164"]
[EventDate "2018.11.22"]
[EventType "swiss"]
[EventRounds "7"]
[EventCountry "BRA"]
[SourceTitle "CBM 187 Extra"]
[Source "ChessBase"]
[SourceDate "2018.11.04"]
[SourceVersion "1"]
[SourceVersionDate "2018.11.04"]
[SourceQuality "1"]

1. Nf3 c5 2. e4 d6 3. d3 Nc6 4. g3 g6 5. Bg2 Bg7 6. 0-0 e6 7. c3 Nf6 8. Re1 0-0 9. d4 h6 10. dxc5 dxc5 11. Qa4 Nd7 12. Be3 a6 13. Nbd2 Re8 14. Rad1 Qe7 15. Qc2 b5 16. Nf1 Nb6 17. N3d2 e5 18. Nb3 Na4 19. f3 Be6 20. Qf2 Bf8 21. f4 c4 22. Nc1 b4 23. f5 Bc8 24. Qc2 Nc5 25. cxb4 Nxb4 26. Qxc4 a5 27. a3 Ba6 28. Qc3 Nbd3 29. Nxd3 Nxd3 30. Rxd3 Rac8 31. Qd2 Bxd3 32. Qxd3 Red8 33. Qb5 Rb8 34. Qxa5 Rxb2 35. fxg6 fxg6 36. Rc1 Qf6 37. Qc3 Ra2 38. Qc4+ Qf7 39. Qxf7+ Kxf7 40. Rc7+ Kg8 41. Rc6 Kh7 42. Bb6 Rd7 43. Bh3 Rb7 44. Rc7+ Rxc7 45. Bxc7 Bc5+ 46. Kh1 Bd4 47. Bd6 Re2 48. Bg2 h5 49. Bb4 Ra2 50. h4 Bb2 51. Bd6 Bd4 52. Kh2 Kg7 53. Bb4 Bb2 54. Ne3 Kf7 55. Kh3 Bd4 56. Nd5 Ke6 57. Ne7 Kf6 58. Bf3 Bg1 59. g4 Rh2+ 60. Kg3 hxg4 61. Bxg4 Rb2 62. Nd5+ Kf7 63. Bd7 Bf2+ 64. Kf3 Bxh4 65. Bc3 Rb3 66. Kg4 Bf2 67. Bxe5 Rxa3 68. Bd6 Ra1 69. e5 Rg1+ 70. Kf3 Bh4 71. e6+ Kg7 72. Be5+ Kf8 73. Ke4 Re1+ 74. Ne3 Be7 75. Bg3 Rg1 76. Bf2 Rg5 77. Bh4 Rh5 78. Bxe7+ Kxe7 79. Nd5+ Kd6 80. Nf4 Re5+ 81. Kf3 g5 82. Ng6 Rxe6 1/2-1/2

[Event "Parana-ch"]
[Site "Curitiba"]
[Date "2018.11.23"]
[Round "2"]
[White "Dias, Anderson Tatsch"]
[Black "Ermel, Francisco Roberto"]
[Result "1/2-1/2"]
[WhiteElo "2173"]
[BlackElo "2016"]
[PlyCount "59"]
[EventDate "2018.11.22"]
[EventType "swiss"]
[EventRounds "7"]
[EventCountry "BRA"]
[SourceTitle "CBM 187 Extra"]
[Source "ChessBase"]
[SourceDate "2018.11.04"]
[SourceVersion "1"]
[SourceVersionDate "2018.11.04"]
[SourceQuality "1"]

1. c4 c5 2. Nc3 Nc6 3. g3 g6 4. Bg2 Bg7 5. e3 e5 6. Nge2 Nge7 7. 0-0 0-0 8. Rb1 d6 9. a3 Be6 10. Nd5 Qd7 11. b4 Rab8 12. Qa4 Nxd5 13. cxd5 Nd4 14. Qd1 Bf5 15. d3 Nxe2+ 16. Qxe2 Qc7 17. e4 Bd7 18. bxc5 Qxc5 19. Be3 Qa5 20. Bd2 Qa6 21. Rfc1 Rfc8 22. Bb4 Bh6 23. Rxc8+ Rxc8 24. Bf1 Qb6 25. Qd1 Bf8 26. Bd2 Qc7 27. Be3 b6 28. Rc1 Qd8 29. Be2 Be7 30. Qd2 1/2-1/2

[Event "Famalicao op 6th"]
[Site "Famalicao"]
[Date "2018.08.03"]
[Round "8"]
[White "Ermel, Francisco Roberto"]
[Black "Pipiras, Filipa Fortuna"]
[Result "1-0"]
[WhiteElo "2013"]
[BlackElo "1758"]
[PlyCount "91"]
[EventDate "2018.07.29"]
[EventType "swiss"]
[EventRounds "9"]
[EventCountry "POR"]
[SourceTitle "CBM 185 Extra"]
[Source "ChessBase"]
[SourceDate "2018.07.29"]
[SourceVersion "1"]
[SourceVersionDate "2018.07.29"]
[SourceQuality "1"]

1. Nf3 d5 2. g3 Nf6 3. Bg2 e6 4. 0-0 Be7 5. d3 0-0 6. Nbd2 c5 7. e4 Nc6 8. Re1 b5 9. e5 Nd7 10. h4 a5 11. c3 Ba6 12. Nf1 b4 13. h5 a4 14. h6 g6 15. a3 Na5 16. Bf4 Nb3 17. Ra2 bxc3 18. bxc3 Rb8 19. N1h2 Na5 20. Qc2 Qb6 21. Ng4 Qb3 22. Bf1 Rb7 23. Qd2 c4 24. d4 Bxa3 25. Bg5 Rfb8 26. Rea1 Bb2 27. Qf4 Kf8 28. Nf6 Nxf6 29. Qxf6 Ke8 30. Rxa4 Bxa1 31. Rxa5 Bxc3 32. Rxa6 Bb4 33. Be3 Be7 34. Qh8+ Bf8 35. Qxh7 Qd1 36. Nh2 Qh5 37. Qg8 Ke7 38. h7 Bh6 39. h8Q Rxg8 40. Qxg8 Bxe3 41. fxe3 Qg5 42. Kf2 Qf5+ 43. Nf3 Qc2+ 44. Be2 Qb2 45. Ra8 Qb5 46. Qd8# 1-0

[Event "Famalicao op 6th"]
[Site "Famalicao"]
[Date "2018.08.01"]
[Round "6"]
[White "Ermel, Francisco Roberto"]
[Black "Dias, Paulo Jorge Guimara"]
[Result "1/2-1/2"]
[WhiteElo "2013"]
[BlackElo "2328"]
[PlyCount "104"]
[EventDate "2018.07.29"]
[EventType "swiss"]
[EventRounds "9"]
[EventCountry "POR"]
[SourceTitle "CBM 185 Extra"]
[Source "ChessBase"]
[SourceDate "2018.07.29"]
[SourceVersion "1"]
[SourceVersionDate "2018.07.29"]
[SourceQuality "1"]

1. c4 e6 2. Nf3 Nf6 3. g3 b6 4. Bg2 Bb7 5. 0-0 c5 6. Nc3 Be7 7. d4 cxd4 8. Nxd4 Bxg2 9. Kxg2 Qc7 10. Qd3 a6 11. b3 0-0 12. Bb2 Nc6 13. Nxc6 Qxc6+ 14. Qf3 Rfc8 15. Rfd1 Rab8 16. Rac1 Kf8 17. Qxc6 Rxc6 18. Kf3 b5 19. cxb5 axb5 20. e4 b4 21. Na4 Rbc8 22. Rxc6 Rxc6 23. Rc1 Rxc1 24. Bxc1 d5 25. exd5 Nxd5 26. Ke4 Ke8 27. Kd3 Kd7 28. Kc4 Kc6 29. Bb2 g5 30. h3 f5 31. Bd4 g4 32. hxg4 fxg4 33. Nb2 h5 34. Nd3 Bd6 35. Bg7 Nb6+ 36. Kd4 Kb5 37. Be5 Be7 38. Nf4 Bc5+ 39. Kd3 Bxf2 40. Nxh5 Nd5 41. Ng7 Ne7 42. Ke2 Bb6 43. Nxe6 Kc6 44. Nf4 Nf5 45. Nd3 Kd5 46. Bb8 Nd4+ 47. Kf1 Nc6 48. Bf4 Ke4 49. Ke2 Nd4+ 50. Kd2 Nf3+ 51. Ke2 Nd4+ 52. Kd2 Nf3+ 1/2-1/2

[Event "Famalicao op 6th"]
[Site "Famalicao"]
[Date "2018.07.31"]
[Round "4"]
[White "Ermel, Francisco Roberto"]
[Black "Friedrich, Carlos Ernesto Gall"]
[Result "1-0"]
[WhiteElo "2013"]
[BlackElo "1661"]
[PlyCount "105"]
[EventDate "2018.07.29"]
[EventType "swiss"]
[EventRounds "9"]
[EventCountry "POR"]
[SourceTitle "CBM 185 Extra"]
[Source "ChessBase"]
[SourceDate "2018.07.29"]
[SourceVersion "1"]
[SourceVersionDate "2018.07.29"]
[SourceQuality "1"]

1. c4 Nf6 2. Nc3 c5 3. g3 Nc6 4. Bg2 e5 5. e3 Be7 6. Nge2 d6 7. 0-0 0-0 8. b3 Bg4 9. h3 Bh5 10. Bb2 h6 11. d3 Qd7 12. Qd2 Bg6 13. Rad1 Nb4 14. e4 a6 15. f4 exf4 16. gxf4 Rad8 17. a3 Nc6 18. Nd5 Nxd5 19. cxd5 Nb8 20. Qc3 f6 21. Ng3 Kh7 22. Kh2 Qc7 23. Rg1 Nd7 24. Bf3 Rg8 25. Bg4 Nf8 26. Rg2 Bf7 27. h4 Ng6 28. Bf5 Kh8 29. Bxg6 Bxg6 30. f5 Bf7 31. Rdg1 Bf8 32. Ne2 Qe7 33. Qd2 Kh7 34. Nf4 b5 35. Ng6 Bxg6 36. Rxg6 Qf7 37. Bxf6 gxf6 38. Rxg8 Qxg8 39. Rxg8 Kxg8 40. Qg2+ Bg7 41. Qd2 Rc8 42. Qa5 c4 43. bxc4 bxc4 44. Qxa6 Rb8 45. Qxc4 h5 46. a4 Bh6 47. Kg3 Be3 48. Qc7 Rb2 49. Qd8+ Kf7 50. Qd7+ Kg8 51. Qe6+ Kg7 52. Qe7+ Kg8 53. Qxf6 1-0